Online katalóg knižníc regiónu Turca

Živá duša (Record no. 21138)

MARC details
000 -LEADER
fixed length control field 01578cam a2200445 a 4500
001 - CONTROL NUMBER
control field 21138
003 - CONTROL NUMBER IDENTIFIER
control field VRT
005 - DATE AND TIME OF LATEST TRANSACTION
control field 20260217153302.0
008 - FIXED-LENGTH DATA ELEMENTS--GENERAL INFORMATION
fixed length control field 000706s1958 xo g 000 f slo c
020 ## - INTERNATIONAL STANDARD BOOK NUMBER
Qualifying information (viaz.)
035 ## - SYSTEM CONTROL NUMBER
System control number SAVUKc153554
039 #9 - LEVEL OF BIBLIOGRAPHIC CONTROL AND CODING DETAIL [OBSOLETE]
Level of rules in bibliographic description 202205031155
Level of effort used to assign nonsubject heading access points ssvkbb03
Level of effort used to assign subject headings 201904291003
Level of effort used to assign classification AUTHORITY
Level of effort used to assign subject headings 201901222120
Level of effort used to assign classification AUTHORITY
Level of effort used to assign subject headings 201706090803
Level of effort used to assign classification msavuk02
040 ## - CATALOGING SOURCE
Original cataloging agency SAVUK
Language of cataloging slo
Transcribing agency SNK
Modifying agency SAVUK
Description conventions AACR2
041 1# - LANGUAGE CODE
Language code of text/sound track or separate title slo
Language code of original rus
044 ## - COUNTRY OF PUBLISHING/PRODUCING ENTITY CODE
MARC country code xo
ISO country code SK
072 #7 - SUBJECT CATEGORY CODE
Subject category code 821.161
Subject category code subdivision Východoslovanské literatúry
Source konspekt
080 ## - UNIVERSAL DECIMAL CLASSIFICATION NUMBER
Universal Decimal Classification number 821.161.2-31
Edition identifier 2011
080 ## - UNIVERSAL DECIMAL CLASSIFICATION NUMBER
Universal Decimal Classification number (0:82-311.4)
Edition identifier 2011
100 1# - MAIN ENTRY--PERSONAL NAME
Personal name Vovčok, Marko,
Dates associated with a name 1834-1907
240 10 - UNIFORM TITLE
Uniform title Živaja duša
Language of a work Slovensky
245 10 - TITLE STATEMENT
Title Živá duša
Statement of responsibility, etc. Marko Vovčok ; [preložila Viera Dovinová ; doslov napísala Irena Subotová]
250 ## - EDITION STATEMENT
Edition statement 1. vyd.
260 ## - PUBLICATION, DISTRIBUTION, ETC.
Place of publication, distribution, etc. Bratislava
Name of publisher, distributor, etc. Slovenské vydavateľstvo krásnej literatúry
Date of publication, distribution, etc. 1958
300 ## - PHYSICAL DESCRIPTION
Extent 364 s.
Dimensions 21 cm
490 1# - SERIES STATEMENT
Series statement Edícia svetových klasikov
Volume/sequential designation zväzok 86
500 ## - GENERAL NOTE
General note Preložené z ruštiny
500 ## - GENERAL NOTE
General note Vl. meno autora: Vilins’kaja, Marija Oleksandrivna
655 #7 - INDEX TERM--GENRE/FORM
Genre/form data or focus term sociálne romány
Source of term SNKPH
655 #7 - INDEX TERM--GENRE/FORM
Genre/form data or focus term Social novels
Source of term SNKPHeng
655 #7 - INDEX TERM--GENRE/FORM
Genre/form data or focus term ukrajinské romány
Source of term SNKPH
655 #7 - INDEX TERM--GENRE/FORM
Genre/form data or focus term Ukrainian fiction
Source of term SNKPHeng
700 1# - ADDED ENTRY--PERSONAL NAME
Personal name Marušiaková, Viera,
Dates associated with a name 1923-2016
Relationship trl
700 1# - ADDED ENTRY--PERSONAL NAME
Personal name Subotová, Irena
Relationship aft
830 #0 - SERIES ADDED ENTRY--UNIFORM TITLE
Uniform title Edícia svetových klasikov
910 ## - USER-OPTION DATA (OCLC)
User-option data savuk
942 ## - ADDED ENTRY ELEMENTS (KOHA)
Source of classification or shelving scheme Dewey Decimal Classification
Koha item type Krásna literatúra pre dospelých
Suppress in OPAC No
949 ## - LOCAL PROCESSING INFORMATION (OCLC)
6 270001000645492
a svkbbS 55471
b svkbbm 47275
949 ## - LOCAL PROCESSING INFORMATION (OCLC)
6 2889326293
a savukM 8960
Holdings
Stav vyradenia Strata Poškodenie Spôsob nadobudnutia Domovská knižnica Aktuálna knižnica Dátum nadobudnutia Total checkouts Čiarový kód exemplára Date last seen Typ exemplára
      Dar Obecná knižnica Horná Štubňa Obecná knižnica Horná Štubňa 17.02.2026   4736201354 17.02.2026 Krásna literatúra pre dospelých
Projekt je podporený Slovenskou asociáciou knižníc
Prevádzkuje Turčianska knižnica Martin 2026